000 00631nam a2200229Ia 4500
003 OSt
005 20220928101828.0
006 a|||||r|||| 00| 0
007 ta
008 220927b |||||||| |||| 00| 0 eng d
024 _a59276
037 _cTextual
040 _aSDCL
_cSDCL
_beng
041 _2eng
_aeng
082 _aO152,3N5891x, N7
100 _aGupta Shri Phool Chand
_9395330
245 0 _aPrayashchit nahin pratishodh.
260 _aAllahabad
_bParsh Publishing
_c1997
300 _a128p.
_ccm.
942 _hO152,3N5891x, N7
_cTEXL
_2CC
999 _c710989
_d710989